| 000 | 00859pam a2200265 a 4500 | ||
|---|---|---|---|
| 001 | 2598162 | ||
| 003 | OSt | ||
| 005 | 20180427141624.0 | ||
| 008 | 970611s1998 njua 001 0 eng | ||
| 010 | _a 97024631 | ||
| 020 | _a0835951065 (pbk.) | ||
| 040 |
_aDLC _cDLC _dDLC |
||
| 082 |
_aWB 105 _bK146f 1998 |
||
| 100 | 1 |
_aKarren, Keith J.; Hafen, Brent Q.; Limmer, Daniel. _910491 |
|
| 245 | 1 | 0 | _aFirst Responder :a skills approach |
| 250 | _a5th ed. | ||
| 260 |
_aNew Jersey; _bBrady, _c1998. |
||
| 300 |
_ax, 546 p. : _bcol. ill. ; _c28 cm. |
||
| 504 | _aIncludes index. | ||
| 650 | 0 |
_aEmergency medicine _910493 |
|
| 650 | 0 |
_aClinical Trials _912636 |
|
| 906 |
_a7 _bcbc _corignew _d1 _eocip _f19 _gy-gencatlg |
||
| 942 |
_2z _cO_SHELF |
||
| 999 |
_c4884 _d4884 |
||